00421nam a22001577a 4500003000400000008004100004020001800045100001900063245005600082250000800138260003600146300001400182650002200196700002300218700002200241OSt260210b |||||||| |||| 00| 0 eng d a9780000988331 aCobert, Barton aCoberts Manual of Drug Safety and Pharmacovigilance a3rd aChennaibWorld Scientfic c2020 axxix, 494 aPharmacovigilance aGregory, Willaim.W aThomas, Jean-loup